000 00970nam a2200217 a 4500
003 AM-YeHGA
005 20250618071628.0
008 030707s1936 ai 000 | arm d
040 _aAM-YeHGA
100 1 _aՋովանյոլի, Ռաֆաելլո.
245 1 0 _aՍպարտակ :
_b[Պատմավեպ] /
_cՌ. Ջովանյոլի; Թարգմ. ֆրանս.՝ Ս. Տիրատուրյան; Խմբ. և առաջաբ.՝ Լ. Մարության.
260 _aՅերևան ;
_aՄոսկվա :
_bՀայպետհրատ,
_c1936.
300 _a434 էջ ;
_c24 սմ.
500 _aԾանոթագր., էջ` 425-434
650 1 4 _aԻտալական գրականություն
_xՎեպ
700 1 _aՏիրատուրյան, Ս.
_eթարգմ.
_4trl
700 1 _aՄարության, Լեմվել Մարտիրոսի,
_d1904-1968
_eխմբ.
_4edt
_92696
856 4 _uhttp://greenstone.flib.sci.am/gsdl/collect/opac/books/spartak.pdf
_yԿարդալ առցանց
942 _2udc
_cBK
090 _c87886
999 _c86602
_d86602